| 000 | 00513nam a22001817a 4500 | ||
|---|---|---|---|
| 003 | NUST | ||
| 005 | 20220311105231.0 | ||
| 008 | 220311b ||||| |||| 00| 0 eng d | ||
| 020 | _a0-86531-445-4 | ||
| 038 | _aMuzammil SMME | ||
| 082 |
_a958.1044 _bHAM |
||
| 100 |
_aHammond,T.Thomas. _990567 |
||
| 245 |
_aRed Flag Over Afghanistan: _bthe communication coup,the soviet invasion\ _cThomas T. Hammond. |
||
| 260 |
_aUSA, _bWestview Press, _c1984 |
||
| 300 | _a262,p.; | ||
| 563 | _ahardcover | ||
| 942 |
_2ddc _cBK |
||
| 999 |
_c588730 _d588730 |
||